000 01226nam a2200361 c 4500
999 _c327939
_d327939
003 BLK
005 20241126114207.0
008 180411b bul|||||r ||||||| ||bul||
010 _aKNG00186546000
020 _a978-619-165-091-0
040 _aBLK
041 _aBUL
_cBUL
072 7 _2bullib
_aН8300
_xРомантична проза Н
080 _aАмериканска литература (на САЩ)
_b821.111(73)
_x-31
_z821.111(73)-31
100 1 _aКлейпас, Лайза
_eпърви автор
_979634
139 _aКлейпас, Лайза
_bК 63
245 1 0 _aНа всяка цена
_bРоман
_cЛайза Клейпас; прев. Диана Райкова
257 _aUSA
260 _bЕргон
_c2016
300 _a304 с.
_c20 см
380 _aX
490 1 _aБиблиотека Любов и Съдба
653 _aромантична проза
653 _aромани
659 _aН
700 _aРайкова, Диана Христова
_eпрев. от англ.
_9283583
852 _bП
_cП 820(73)-31/К 63
856 4 _qpdf
856 4 _qpdf
942 _cKNG
_n0
_0101
999 _d327939
944 _k30576
_lЦветомила Тодорова